| 000 | nam a22 7a 4500 | ||
|---|---|---|---|
| 999 |
_c24905 _d24905 |
||
| 008 | 170130b xxu||||| |||| 00| 0 eng d | ||
| 020 | _a9780078682957 | ||
| 050 | _aHD 9940 .A2E37 2006 | ||
| 100 | _aEkstrom, Gigi | ||
| 245 |
_aFashion Marketing: _bDesigners/ _cGigi Ekstrom and Margaret Justiss |
||
| 260 |
_aNew York: _bMc Graw- Hill, _c2006. |
||
| 300 |
_axviii,350p.: _bill.; _c28cm. |
||
| 521 | _aIncludes index. | ||
| 700 | _aJustiss, Margaret | ||
| 942 |
_2lcc _cBOOKS _hHD 9940 .A2E37 2006 |
||